|
|
|
|
| LEADER |
00000cam a2200000 7i4500 |
| 001 |
0000012770 |
| 005 |
20080102.0 |
| 008 |
080102 |
| 020 |
|
|
|a 9833376800
|
| 090 |
0 |
0 |
|a 371.42
|b HAI
|
| 100 |
0 |
|
|a Hairunnaja Najmuddin
|
| 245 |
1 |
0 |
|a Membimbing remaja memilih pendidikan dan kerjaya
|c Hairunnaja Najmuddin
|
| 260 |
|
|
|a Pahang :
|b PTS Professional ,
|c 2005
|
| 440 |
|
|
|a Siri kaunseling
|
| 650 |
|
0 |
|a Educational counseling
|
| 650 |
|
0 |
|a Employment forecasting
|
| 650 |
|
0 |
|a Vocational guidance
|
| 710 |
0 |
|
|a Title
|
| 999 |
|
|
|a 0000926205
|b Book
|c Adult Collection
|e Cawangan Bukit Gambir
|
| 999 |
|
|
|a 0000933361
|b Book
|c Adult Collection
|e Cawangan Tangkak
|
| 999 |
|
|
|a 0000939770
|b Book
|c Adult Collection
|e Cawangan Taman Sri Lambak
|
| 999 |
|
|
|a 0000939771
|b Book
|c Adult Collection
|e Cawangan Taman Sri Lambak
|
| 999 |
|
|
|a 0001010234
|b Book
|c Adult Collection
|e Perbadanan Perpustakaan Awam Johor
|
| 999 |
|
|
|a 0001010236
|b Book
|c Adult Collection
|e Perbadanan Perpustakaan Awam Johor
|
| 999 |
|
|
|a 0001010238
|b Book
|c Adult Collection
|e Cawangan Taman Sri Lambak
|
| 999 |
|
|
|a 0001519810
|b Book
|c Adult Collection
|e Cawangan Bandar Tenggara
|